[Event "Niederoesterreich Landesliga 1516"]
[Site "Austria"]
[Date "2015.09.27"]
[Round "1.3"]
[White "Fiala, Vaclav"]
[Black "Wolfram, Bernd"]
[Result "1-0"]
[WhiteElo "2241"]
[BlackElo "2215"]
[PlyCount "99"]
[EventDate "2015.09.27"]
[EventType "team-tourn"]
[EventRounds "11"]
[EventCountry "AUT"]
[SourceTitle "CBM 170 Extra"]
[Source "ChessBase"]
[SourceDate "2016.02.25"]
[SourceVersion "1"]
[SourceVersionDate "2016.02.25"]
[SourceQuality "1"]
[WhiteTeam "Zwettl"]
[BlackTeam "Mistelbach"]
[WhiteTeamCountry "AUT"]
[BlackTeamCountry "AUT"]

1. e4 c5 2. Nf3 Nc6 3. c3 Nf6 4. e5 Nd5 5. d4 e6 6. c4 Nb6 7. d5 exd5 8. cxd5 Nb4 9. d6 h6 10. Nc3 g6 11. a3 Na6 12. Be3 Bg7 13. Qd2 g5 14. Nd5 g4 15. Bxa6 Nxd5 16. Qxd5 Qa5+ 17. Nd2 Qxa6 18. Rc1 Qc6 19. Rxc5 Qxd5 20. Rxd5 b6 21. 0-0 Bb7 22. Rd4 Bxe5 23. Re1 0-0-0 24. Rc4+ Kb8 25. Bxb6 axb6 26. Rxe5 Rde8 27. Re3 h5 28. Rb4 Rxe3 29. fxe3 Rh6 30. Rd4 f5 31. Nc4 b5 32. Ne5 Kc8 33. Kf2 Re6 34. Nd3 Bc6 35. Nf4 Rh6 36. b3 Kb7 37. a4 bxa4 38. bxa4 Ka6 39. Nd5 Ka5 40. Ne7 Be4 41. Kg3 h4+ 42. Kf4 Rf6 43. g3 hxg3 44. hxg3 Ka6 45. Kg5 Rf8 46. Ng6 Re8 47. Kf4 Rg8 48. Ne7 Rf8 49. Ke5 Ka5 50. Rc4 1-0

[Event "Niederoesterreich Landesliga 1415"]
[Site "Austria"]
[Date "2014.11.30"]
[Round "5.2"]
[White "Sandhoefner, Florian"]
[Black "Wolfram, Bernd"]
[Result "1-0"]
[WhiteElo "2278"]
[BlackElo "2228"]
[PlyCount "79"]
[EventDate "2014.10.05"]
[EventType "team-tourn"]
[EventRounds "11"]
[EventCountry "AUT"]
[SourceTitle "EXT 2016"]
[Source "ChessBase"]
[SourceDate "2015.10.08"]
[SourceVersion "1"]
[SourceVersionDate "2015.10.08"]
[SourceQuality "1"]
[WhiteTeam "Amstetten"]
[BlackTeam "Mistelbach"]
[WhiteTeamCountry "AUT"]
[BlackTeamCountry "AUT"]

1. e4 c5 2. Nf3 Nc6 3. d4 cxd4 4. Nxd4 g6 5. c4 Bg7 6. Be3 Nf6 7. Nc3 0-0 8. Be2 d6 9. 0-0 Nxd4 10. Bxd4 a5 11. Rc1 Nd7 12. Bxg7 Kxg7 13. Qd4+ Kg8 14. f4 Ra6 15. Kh1 Qb6 16. Qd2 Nc5 17. f5 Nd7 18. c5 dxc5 19. Bxa6 Qxa6 20. Nd5 Qd6 21. f6 exf6 22. Nxf6+ Qxf6 23. Rxf6 Nxf6 24. e5 Nd7 25. Qxa5 b6 26. Qb5 Re8 27. Qc6 Kf8 28. a4 Nxe5 29. Qxb6 c4 30. Qf6 Nd3 31. Rf1 Be6 32. Qh8+ Ke7 33. Qxh7 Rb8 34. Qh4+ Kd7 35. Qd4+ Kc7 36. Rd1 Rd8 37. Qa7+ Kc6 38. Kg1 Rd7 39. Qa6+ Kc7 40. a5 1-0

[Event "Niederoesterreich Landesliga 1415"]
[Site "Austria"]
[Date "2014.11.09"]
[Round "3.1"]
[White "Wolfram, Bernd"]
[Black "Juhasz, Kristof"]
[Result "0-1"]
[WhiteElo "2228"]
[BlackElo "2356"]
[PlyCount "30"]
[EventDate "2014.10.05"]
[EventType "team-tourn"]
[EventRounds "11"]
[EventCountry "AUT"]
[SourceTitle "EXT 2016"]
[Source "ChessBase"]
[SourceDate "2015.10.08"]
[SourceVersion "1"]
[SourceVersionDate "2015.10.08"]
[SourceQuality "1"]
[WhiteTeam "Mistelbach"]
[BlackTeam "Bad Voeslau/Kottingbrunn"]
[WhiteTeamCountry "AUT"]
[BlackTeamCountry "AUT"]

1. c4 e6 2. g3 d5 3. Bg2 dxc4 4. Nf3 Nf6 5. 0-0 a6 6. a4 Nc6 7. Na3 Bxa3 8. Rxa3 e5 9. a5 0-0 10. Qa4 Be6 11. Ng5 Bd7 12. Qxc4 Nd4 13. Bxb7 Bb5 14. Qc5 Rb8 15. Bg2 Nd7 0-1

[Event "AUT-chT2O 1314"]
[Site "Austria"]
[Date "2014.03.23"]
[Round "11.2"]
[White "Brustkern, Juergen"]
[Black "Wolfram, Bernd"]
[Result "1-0"]
[WhiteElo "2241"]
[BlackElo "2259"]
[PlyCount "95"]
[EventDate "2013.10.05"]
[EventType "team-tourn"]
[EventRounds "11"]
[EventCountry "AUT"]
[SourceTitle "EXT 2015"]
[Source "ChessBase"]
[SourceDate "2014.11.20"]
[SourceVersion "1"]
[SourceVersionDate "2014.11.20"]
[SourceQuality "1"]
[WhiteTeam "Waehring"]
[BlackTeam "Purbach"]
[WhiteTeamCountry "AUT"]
[BlackTeamCountry "AUT"]

1. e4 c5 2. Nf3 Nc6 3. c3 d5 4. exd5 Qxd5 5. d4 Bg4 6. Be2 cxd4 7. cxd4 e6 8. Nc3 Qa5 9. h3 Bh5 10. d5 exd5 11. Nd4 Bxe2 12. Qxe2+ Be7 13. Nxc6 bxc6 14. 0-0 Rd8 15. Re1 Rd7 16. Qg4 g6 17. b4 Qd8 18. Qd4 f6 19. Na4 Kf7 20. Bf4 Bd6 21. Bxd6 Rxd6 22. Qxa7+ Qd7 23. Qd4 Ne7 24. Nc5 Nf5 25. Qf4 Qc7 26. g4 Ng7 27. Nb7 Rd7 28. Qxc7 Rxc7 29. Nd6+ Kf8 30. Rac1 Re7 31. Red1 Ne6 32. Rxc6 Nf4 33. Nc8 Rf7 34. Nb6 d4 35. Rc8+ Kg7 36. Rxh8 Kxh8 37. a4 Rb7 38. a5 d3 39. b5 Ne2+ 40. Kf1 Nc3 41. a6 Ra7 42. Rxd3 Nxb5 43. Rd5 Nc3 44. Ra5 Kg7 45. f3 h5 46. Ke1 hxg4 47. hxg4 f5 48. g5 1-0

[Event "AUT-chT2O 1213"]
[Site "Austria"]
[Date "2012.10.07"]
[Round "2.3"]
[White "Weinzettl, Ernst"]
[Black "Wolfram, Bernd"]
[Result "1/2-1/2"]
[WhiteElo "2257"]
[BlackElo "2234"]
[PlyCount "80"]
[EventDate "2012.10.06"]
[EventType "team-tourn"]
[EventRounds "11"]
[EventCountry "AUT"]
[SourceTitle "EXT 2013"]
[Source "ChessBase"]
[SourceDate "2012.11.22"]
[SourceVersion "1"]
[SourceVersionDate "2012.11.22"]
[SourceQuality "1"]
[WhiteTeam "Poechlarn"]
[BlackTeam "Purbach"]
[WhiteTeamCountry "AUT"]
[BlackTeamCountry "AUT"]

1. e4 c5 2. Nc3 Nc6 3. Bb5 Nd4 4. Nf3 e6 5. 0-0 a6 6. Bd3 Nc6 7. Be2 g5 8. Ne1 Nge7 9. Bh5 Ng6 10. d3 Bd6 11. g3 Rg8 12. Ng2 Qf6 13. Kh1 b5 14. f4 gxf4 15. Nxf4 Qg7 16. Ng2 Nge5 17. Bf4 Bb7 18. Qd2 Bf8 19. a4 b4 20. Nd1 0-0-0 21. Nde3 d5 22. exd5 exd5 23. Nf5 Qf6 24. Nh6 Bxh6 25. Bxh6 Qe6 26. Bg5 Rd6 27. Rae1 Qd7 28. Kg1 d4 29. Bf6 Re6 30. Re4 Qd6 31. Qf4 Ng6 32. Qxd6 Rxd6 33. Rf5 Kc7 34. Bg5 Kb6 35. Bd2 f6 36. Re1 Nce7 37. Bxg6 hxg6 38. a5+ Kb5 39. Rxe7 Bxg2 40. Rf2 Bd5 1/2-1/2

[Event "AUT-chT2O 1112"]
[Site "Austria"]
[Date "2012.04.29"]
[Round "11.4"]
[White "Brod, Manfred"]
[Black "Wolfram, Bernd"]
[Result "1-0"]
[WhiteElo "2212"]
[BlackElo "2199"]
[PlyCount "77"]
[EventDate "2011.10.15"]
[EventType "team-tourn"]
[EventRounds "11"]
[EventCountry "AUT"]
[SourceTitle "EXT 2013"]
[Source "ChessBase"]
[SourceDate "2012.11.22"]
[SourceVersion "1"]
[SourceVersionDate "2012.11.22"]
[SourceQuality "1"]
[WhiteTeam "Mattersburg"]
[BlackTeam "Niederabsdorf"]
[WhiteTeamCountry "AUT"]
[BlackTeamCountry "AUT"]

1. e4 c5 2. Nf3 Nc6 3. d4 cxd4 4. Nxd4 g6 5. c4 Nf6 6. Nc3 d6 7. Be2 Nxd4 8. Qxd4 Bg7 9. Be3 0-0 10. Qd2 Qa5 11. 0-0 Be6 12. Rab1 Rfc8 13. b3 a6 14. Rfc1 Qb4 15. a3 Qa5 16. f3 Rab8 17. b4 Qxa3 18. Ra1 Qxb4 19. Ra4 Qb3 20. Bd1 Nxe4 21. Nxe4 Qb2 22. Qxb2 Bxb2 23. Rb1 Bg7 24. Rab4 d5 25. cxd5 Bxd5 26. Nc5 Bc3 27. Rb6 Ba5 28. R6b2 Bc3 29. Rc2 Bg7 30. Nd7 Rxc2 31. Bxc2 Rc8 32. Nb6 Rxc2 33. Nxd5 e6 34. Rxb7 Be5 35. f4 Bd6 36. Rb6 Bf8 37. Nf6+ Kg7 38. Ne8+ Kg8 39. Rxa6 1-0

[Event "Niederoesterreich Landesliga 1112"]
[Site "Austria"]
[Date "2012.01.29"]
[Round "7"]
[White "Schmid, Thomas2"]
[Black "Wolfram, Bernd"]
[Result "1/2-1/2"]
[WhiteElo "2172"]
[BlackElo "2187"]
[PlyCount "119"]
[EventDate "2011.09.18"]
[EventType "team-tourn"]
[EventRounds "11"]
[EventCountry "AUT"]
[SourceTitle "EXT 2022"]
[Source "ChessBase"]
[SourceDate "2021.10.06"]
[SourceVersion "1"]
[SourceVersionDate "2021.10.06"]
[SourceQuality "1"]

1. e4 c5 2. Nf3 Nc6 3. Bb5 g6 4. Bxc6 dxc6 5. d3 Bg7 6. Nc3 Nf6 7. Be3 b6 8. Qd2 Ng4 9. Bg5 f6 10. Bh4 e5 11. h3 Nh6 12. g4 g5 13. Bg3 Nf7 14. Nh2 h5 15. f3 Be6 16. b3 Qc7 17. Nd1 0-0-0 18. Ne3 Nd6 19. a4 hxg4 20. hxg4 Rh3 21. Rg1 Bf8 22. Nhf1 Kb7 23. Qc3 Qh7 24. Nc4 Qd7 25. Nxd6+ Qxd6 26. Kf2 Qd4+ 27. Qxd4 cxd4 28. Kg2 Rh7 29. Be1 a6 30. Ng3 c5 31. Bd2 Be7 32. Nf5 Rdh8 33. Rh1 Rxh1 34. Rxh1 Rxh1 35. Kxh1 Bf8 36. Ng3 b5 37. axb5 axb5 38. Kg2 Kb6 39. Kf2 c4 40. bxc4 bxc4 41. Ke2 Kb5 42. Bc1 Be7 43. Nh5 Kb4 44. Kd2 Bd7 45. Ng7 Bf8 46. Nh5 Be7 47. Ng7 Bd8 48. Nf5 Bxf5 49. gxf5 c3+ 50. Ke2 Be7 51. Kf2 Ka4 52. Kg3 Ba3 53. Bxg5 fxg5 54. f6 Kb5 55. Kg4 Kc6 56. Kxg5 Kd7 57. Kg6 Bf8 58. Kf7 Bh6 59. Kg6 Bf8 60. Kf7 1/2-1/2

[Event "AUT-chT2O 1112"]
[Site "Austria"]
[Date "2011.11.05"]
[Round "3.4"]
[White "Schneider Zinner, Harald"]
[Black "Wolfram, Bernd"]
[Result "0-1"]
[WhiteElo "2386"]
[BlackElo "2199"]
[PlyCount "78"]
[EventDate "2011.10.15"]
[EventType "team-tourn"]
[EventRounds "11"]
[EventCountry "AUT"]
[SourceTitle "EXT 2013"]
[Source "ChessBase"]
[SourceDate "2012.11.22"]
[SourceVersion "1"]
[SourceVersionDate "2012.11.22"]
[SourceQuality "1"]
[WhiteTeam "Wien Ottakring"]
[BlackTeam "Niederabsdorf"]
[WhiteTeamCountry "AUT"]
[BlackTeamCountry "AUT"]

1. c4 g6 2. g3 Bg7 3. Bg2 c5 4. Nc3 Nc6 5. Nf3 d6 6. a3 e5 7. 0-0 Nge7 8. Ne1 0-0 9. Nc2 Be6 10. Ne3 f5 11. Ned5 Rb8 12. b4 a6 13. Rb1 cxb4 14. axb4 b5 15. cxb5 axb5 16. d3 h6 17. Be3 f4 18. Bd2 g5 19. Ra1 Qc8 20. Nxe7+ Nxe7 21. Ne4 Rb6 22. Ra7 Nc6 23. Nxd6 Qb8 24. Rxg7+ Kxg7 25. Ne4 Nd4 26. Nc5 Bg4 27. f3 Bc8 28. Re1 fxg3 29. hxg3 Rbf6 30. Ne4 R6f7 31. Rf1 g4 32. f4 Qb6 33. e3 exf4 34. Rxf4 Rxf4 35. gxf4 Nf5 36. Qxg4+ Kh7 37. Qh3 Rd8 38. d4 Nxd4 39. exd4 Bxh3 0-1

[Event "Oberwart op"]
[Site "Oberwart"]
[Date "2011.07.15"]
[Round "7"]
[White "Wolfram, Bernd"]
[Black "Ladisic, Alex Sacha"]
[Result "1-0"]
[WhiteElo "2195"]
[BlackElo "2033"]
[PlyCount "55"]
[EventDate "2011.07.09"]
[EventType "swiss"]
[EventRounds "9"]
[EventCountry "AUT"]
[SourceTitle "CBM 143 Extra"]
[Source "ChessBase"]
[SourceDate "2011.08.29"]
[SourceVersion "1"]
[SourceVersionDate "2011.08.29"]
[SourceQuality "1"]

1. c4 Nf6 2. g3 g6 3. Bg2 Bg7 4. Nc3 d6 5. e4 e5 6. Nge2 Nc6 7. d3 Be6 8. Nd5 Qd7 9. Bh6 0-0 10. Nxf6+ Bxf6 11. Bxf8 Rxf8 12. Qd2 Bg7 13. h3 f6 14. b3 h5 15. Rd1 Qe7 16. 0-0 Bc8 17. f4 Kh7 18. Qc3 Bh6 19. b4 Re8 20. d4 Nd8 21. c5 Nf7 22. cxd6 cxd6 23. Qf3 Bg7 24. Nc3 exd4 25. Nd5 Qd8 26. f5 Ng5 27. fxg6+ Kxg6 28. Nf4+ 1-0

[Event "AUT-chT2O 1011"]
[Site "Austria"]
[Date "2011.03.13"]
[Round "11.4"]
[White "Bawart, Markus"]
[Black "Wolfram, Bernd"]
[Result "1-0"]
[WhiteElo "2416"]
[BlackElo "2186"]
[PlyCount "103"]
[EventDate "2010.10.02"]
[EventType "team-tourn"]
[EventRounds "11"]
[EventCountry "AUT"]
[SourceTitle "EXT 2012"]
[Source "ChessBase"]
[SourceDate "2011.11.24"]
[SourceVersion "1"]
[SourceVersionDate "2011.11.24"]
[SourceQuality "1"]
[WhiteTeam "Waehring"]
[BlackTeam "Niederabsdorf"]
[WhiteTeamCountry "AUT"]
[BlackTeamCountry "AUT"]

1. Nf3 Nf6 2. g3 g6 3. Bg2 Bg7 4. 0-0 0-0 5. d3 d6 6. Nbd2 c5 7. e4 Nc6 8. Nc4 b5 9. Ne3 Bb7 10. Ng5 e6 11. f4 Ne7 12. a4 a6 13. e5 Nfd5 14. Ng4 c4 15. Ne4 Nf5 16. d4 Rb8 17. Re1 b4 18. c3 a5 19. Bd2 Ba8 20. Qe2 Rc8 21. Bf3 Qb6 22. Kg2 Qd8 23. h4 h5 24. Ngf2 Bh6 25. Ng5 bxc3 26. bxc3 Qe7 27. Nfe4 Rfd8 28. Rab1 Rb8 29. exd6 Nxd6 30. Nxd6 Qxd6 31. Qxc4 Rbc8 32. Qd3 Bxg5 33. fxg5 Qa3 34. Ra1 Qd6 35. Kh2 Rc7 36. Re5 Rdc8 37. Rae1 Rxc3 38. Bxc3 Rxc3 39. Rxe6 fxe6 40. Qxg6+ Kf8 41. Rxe6 Rc2+ 42. Kh3 Qd7 43. Bxh5 Bc6 44. Qf5+ Kg7 45. Rg6+ Kh8 46. Rh6+ Kg8 47. Bf7+ Qxf7 48. Qxc2 Qf1+ 49. Kh2 Nf4 50. Qh7+ Kf8 51. Qh8+ Ke7 52. Qf6+ 1-0

[Event "Niederoesterreich Landesliga 1011"]
[Site "Austria"]
[Date "2011.02.20"]
[Round "10"]
[White "Vykydal, Frantisek"]
[Black "Wolfram, Bernd"]
[Result "1/2-1/2"]
[WhiteElo "2143"]
[BlackElo "2183"]
[PlyCount "57"]
[EventDate "2010.09.12"]
[EventType "team-tourn"]
[EventRounds "13"]
[EventCountry "AUT"]
[SourceTitle "EXT 2022"]
[Source "ChessBase"]
[SourceDate "2021.10.06"]
[SourceVersion "1"]
[SourceVersionDate "2021.10.06"]
[SourceQuality "1"]

1. e4 c5 2. Nc3 Nc6 3. g3 g6 4. Bg2 Bg7 5. d3 d6 6. Be3 e6 7. Qd2 Qa5 8. Nge2 Nd4 9. Nc1 Ne7 10. 0-0 Bd7 11. Nb3 Qb6 12. Nd1 h6 13. h4 a5 14. Nc1 a4 15. c3 Ndc6 16. Ne2 Ne5 17. f4 Ng4 18. Bh3 Nxe3 19. Nxe3 f5 20. Bg2 Bc6 21. Rae1 0-0 22. Kh2 Qc7 23. exf5 Bxg2 24. Kxg2 Qc6+ 25. Kh2 Nxf5 26. Nxf5 exf5 27. Ng1 Rfe8 28. Rxe8+ Rxe8 29. Re1 1/2-1/2

[Event "Niederoesterreich Landesliga 1011"]
[Site "Austria"]
[Date "2011.01.09"]
[Round "8"]
[White "Wolfram, Bernd"]
[Black "Bachmayer, Josef"]
[Result "1-0"]
[WhiteElo "2183"]
[BlackElo "2076"]
[PlyCount "106"]
[EventDate "2010.09.12"]
[EventType "team-tourn"]
[EventRounds "13"]
[EventCountry "AUT"]
[SourceTitle "EXT 2022"]
[Source "ChessBase"]
[SourceDate "2021.10.06"]
[SourceVersion "1"]
[SourceVersionDate "2021.10.06"]
[SourceQuality "1"]

1. c4 f5 2. Nc3 Nf6 3. g3 e6 4. Bg2 Bb4 5. e3 c6 6. Qb3 Qa5 7. Nge2 d5 8. d4 Na6 9. 0-0 0-0 10. a3 Be7 11. f3 Bd7 12. Bd2 Qb6 13. Qc2 dxc4 14. Na2 c5 15. Bc3 Nd5 16. Qd2 Bf6 17. Ba5 Qb5 18. a4 Qb3 19. e4 Qe3+ 20. Kh1 Qxd2 21. Bxd2 Ndb4 22. e5 Be7 23. Nxb4 cxb4 24. f4 Rab8 25. d5 Bc5 26. Rfc1 b5 27. axb5 Bxb5 28. Bf3 Kf7 29. d6 Rfc8 30. Kg2 Ke8 31. Be1 Rb6 32. Rd1 Kd7 33. Nd4 Bxd4 34. Rxd4 Bc6 35. Bxc6+ Rbxc6 36. Kf3 Rb6 37. Rdd1 Kc6 38. Ra5 Kb7 39. Bf2 Rbc6 40. Rc1 c3 41. bxc3 bxc3 42. Rb5+ Ka8 43. Rb3 c2 44. Ke2 Rb8 45. Ra3 Rb7 46. Kd2 Nb4 47. Bxa7 Ra6 48. Rxa6 Nxa6 49. Bd4 Nb4 50. Bc3 Nd5 51. Rxc2 Kb8 52. Ba5 Ra7 53. Bc7+ Nxc7 1-0

[Event "AUT-chT2O 1011"]
[Site "Austria"]
[Date "2010.10.02"]
[Round "1.4"]
[White "Wolfram, Bernd"]
[Black "Buchnicek, Petr"]
[Result "0-1"]
[WhiteElo "2186"]
[BlackElo "2305"]
[PlyCount "94"]
[EventDate "2010.10.02"]
[EventType "team-tourn"]
[EventRounds "11"]
[EventCountry "AUT"]
[SourceTitle "CBM 138 Extra"]
[Source "ChessBase"]
[SourceDate "2010.10.29"]
[SourceVersion "1"]
[SourceVersionDate "2010.10.29"]
[SourceQuality "1"]
[WhiteTeam "Niederabsdorf"]
[BlackTeam "Zwettl"]
[WhiteTeamCountry "AUT"]
[BlackTeamCountry "AUT"]

1. c4 c6 2. g3 d5 3. Bg2 Nf6 4. Nf3 Bg4 5. d4 e6 6. 0-0 Bd6 7. b3 0-0 8. Bb2 Ne4 9. Ne5 Bh5 10. f3 Nf6 11. Qd2 Nbd7 12. e4 dxe4 13. Nxd7 Nxd7 14. fxe4 e5 15. d5 Nf6 16. h3 Bg6 17. Nc3 Bc5+ 18. Kh2 Bd4 19. Rae1 Qe7 20. Nd1 c5 21. Nf2 Bxf2 22. Rxf2 Ne8 23. Qc3 f6 24. a3 Nd6 25. Qe3 Rfc8 26. h4 b5 27. cxb5 Nxb5 28. Bh3 Rc7 29. Rc2 Nd4 30. Bxd4 cxd4 31. Rxc7 Qxc7 32. Qd3 Qc5 33. Be6+ Bf7 34. b4 Qc7 35. Bxf7+ Kxf7 36. Qb3 Ke7 37. b5 Rc8 38. Qb4+ Qd6 39. Qa5 Rc2+ 40. Kg1 Qd7 41. Qa6 Qh3 42. Qe6+ Qxe6 43. dxe6 Kxe6 44. b6 axb6 45. Rb1 Ra2 46. Rxb6+ Ke7 47. Rb3 Kd6 0-1

[Event "EU-chT U18 4th"]
[Site "Balatonlelle"]
[Date "2003.07.19"]
[Round "1"]
[White "Iakymov, Volodymyr"]
[Black "Wolfram, Bernd"]
[Result "1-0"]
[WhiteElo "2363"]
[BlackElo "2200"]
[PlyCount "49"]
[EventDate "2003.07.19"]
[EventType "team-swiss"]
[EventRounds "7"]
[EventCountry "HUN"]
[SourceTitle "EXT 2020"]
[Source "ChessBase"]
[SourceDate "2019.10.17"]
[SourceVersion "1"]
[SourceVersionDate "2019.10.17"]
[SourceQuality "1"]
[WhiteTeam "Ukraine U18"]
[BlackTeam "Austria U18"]
[WhiteTeamCountry "UKR"]
[BlackTeamCountry "AUT"]

1. e4 c5 2. c3 g6 3. d4 cxd4 4. cxd4 Bg7 5. Nf3 Nf6 6. Nc3 d6 7. Be2 0-0 8. 0-0 a6 9. h3 b5 10. e5 Ne8 11. a4 b4 12. Nd5 a5 13. Bg5 f6 14. Bh4 e6 15. exf6 Nxf6 16. Nf4 Qb6 17. Rc1 Ne4 18. Qb3 d5 19. Nxd5 exd5 20. Qxd5+ Kh8 21. Rxc8 Rxc8 22. Qxa8 Nd6 23. Qd5 Rc2 24. Bd3 Rc8 25. Ne5 1-0

[Event "AUT-ch U18"]
[Site "Zwettl"]
[Date "2003.??.??"]
[Round "4"]
[White "Hoelzl, Juergen"]
[Black "Wolfram, Bernd"]
[Result "0-1"]
[WhiteElo "1845"]
[BlackElo "2175"]
[PlyCount "52"]
[EventDate "2003.??.??"]
[EventType "swiss"]
[EventRounds "7"]
[EventCountry "AUT"]
[SourceTitle "EXT 2007"]
[Source "ChessBase"]
[SourceDate "2006.11.23"]
[SourceVersion "1"]
[SourceVersionDate "2006.11.23"]
[SourceQuality "1"]

1. d4 Nf6 2. c4 g6 3. Nc3 Bg7 4. e4 d6 5. f3 0-0 6. Be3 Nc6 7. Qd2 a6 8. g4 e5 9. d5 Nd4 10. Bg2 c5 11. Nge2 Rb8 12. h4 b5 13. b3 bxc4 14. bxc4 Qa5 15. 0-0 Bd7 16. Rab1 Rb4 17. Qd3 Rfb8 18. Rfc1 Rb2 19. Ng3 Rxb1 20. Rxb1 Rxb1+ 21. Nxb1 Qxa2 22. g5 Ne8 23. f4 Nc2 24. Nd2 Nxe3 25. Qxe3 exf4 26. Qxf4 Be5 0-1

[Event "AUT-ch U18"]
[Site "Zwettl"]
[Date "2003.??.??"]
[Round "5"]
[White "Wolfram, Bernd"]
[Black "Ragger, Markus"]
[Result "1/2-1/2"]
[WhiteElo "2175"]
[BlackElo "2265"]
[PlyCount "32"]
[EventDate "2003.??.??"]
[EventType "swiss"]
[EventRounds "7"]
[EventCountry "AUT"]
[SourceTitle "EXT 2007"]
[Source "ChessBase"]
[SourceDate "2006.11.23"]
[SourceVersion "1"]
[SourceVersionDate "2006.11.23"]
[SourceQuality "1"]

1. e4 c5 2. Nf3 d6 3. d4 cxd4 4. Nxd4 Nf6 5. Nc3 a6 6. a4 e6 7. Be2 Be7 8. Be3 0-0 9. 0-0 Nc6 10. Nb3 b6 11. f4 Bb7 12. Bf3 Qc7 13. Qe1 Rac8 14. Rd1 Rfe8 15. Qf2 Nd7 16. Bg4 Nc5 1/2-1/2

[Event "AUT-chT2O 0203"]
[Site "Austria"]
[Date "2002.10.26"]
[Round "2.4"]
[White "Wolfram, Bernd"]
[Black "Hansen, Kay"]
[Result "1-0"]
[WhiteElo "2176"]
[BlackElo "2265"]
[PlyCount "35"]
[EventDate "2002.10.25"]
[EventType "team-tourn"]
[EventRounds "11"]
[EventCountry "AUT"]
[SourceTitle "EXT 2020"]
[Source "ChessBase"]
[SourceDate "2019.10.17"]
[SourceVersion "1"]
[SourceVersionDate "2019.10.17"]
[SourceQuality "1"]
[WhiteTeam "Stockerau"]
[BlackTeam "Donaustadt"]
[WhiteTeamCountry "AUT"]
[BlackTeamCountry "AUT"]

1. e4 c6 2. d4 d5 3. e5 Bf5 4. Nc3 e6 5. g4 Bg6 6. Nge2 f6 7. Nf4 Bf7 8. Nd3 Nd7 9. f4 fxe5 10. fxe5 Qh4+ 11. Nf2 0-0-0 12. Bf4 c5 13. Qd2 Be7 14. Nb5 Kb8 15. Rg1 g5 16. Qa5 a6 17. Qc7+ Ka8 18. Nd6 1-0

[Event "AUT-ch"]
[Site "Oberpullendorf"]
[Date "2002.08.18"]
[Round "9"]
[White "Steiner, Bruno"]
[Black "Wolfram, Bernd"]
[Result "0-1"]
[WhiteElo "2252"]
[BlackElo "2150"]
[PlyCount "64"]
[EventDate "2002.08.10"]
[EventType "swiss"]
[EventRounds "9"]
[EventCountry "AUT"]
[SourceTitle "CBM 089 Extra"]
[Source "ChessBase"]
[SourceDate "2002.09.10"]
[SourceVersion "2"]
[SourceVersionDate "2002.09.10"]
[SourceQuality "1"]

1. e4 c5 2. Nf3 Nc6 3. d4 cxd4 4. Nxd4 g6 5. Nc3 Bg7 6. Be3 Nf6 7. Bc4 Qa5 8. 0-0 0-0 9. Bb3 d6 10. f3 Bd7 11. Qd2 Rfc8 12. Rfd1 Rab8 13. Nde2 b5 14. Rab1 Ne5 15. Bd4 b4 16. Nd5 Nxd5 17. Bxd5 Qc7 18. c3 bxc3 19. Nxc3 Rb4 20. Bf2 Qb8 21. a3 Nxf3+ 22. gxf3 Bxc3 23. Qf4 Rxb2 24. Qxf7+ Kh8 25. Rbc1 Bf6 26. Rxc8+ Qxc8 27. Bxa7 Bg4 28. e5 Bxe5 29. Be3 Bh3 30. Rc1 Bxh2+ 31. Kh1 Bg2+ 32. Kxh2 Qh3+ 0-1

[Event "AUT-ch"]
[Site "Oberpullendorf"]
[Date "2002.08.15"]
[Round "6"]
[White "Wolfram, Bernd"]
[Black "Posch, Werner"]
[Result "0-1"]
[WhiteElo "2150"]
[BlackElo "2283"]
[PlyCount "80"]
[EventDate "2002.08.10"]
[EventType "swiss"]
[EventRounds "9"]
[EventCountry "AUT"]
[SourceTitle "CBM 089 Extra"]
[Source "ChessBase"]
[SourceDate "2002.09.10"]
[SourceVersion "2"]
[SourceVersionDate "2002.09.10"]
[SourceQuality "1"]

1. c4 e5 2. Nc3 Nc6 3. g3 g6 4. Bg2 Bg7 5. d3 d6 6. e3 f5 7. Rb1 Nf6 8. Nge2 0-0 9. b4 a6 10. a4 Ne7 11. Qb3 c6 12. b5 axb5 13. axb5 Be6 14. Ba3 Rf7 15. 0-0 g5 16. bxc6 bxc6 17. f4 Ng4 18. Bc1 gxf4 19. exf4 e4 20. dxe4 Qa5 21. h3 Qc5+ 22. Kh1 Bxc4 23. Qb4 Bxc3 24. Qxc5 dxc5 25. Nxc3 Bxf1 26. Bxf1 Nf2+ 27. Kg2 Nxe4 28. Nxe4 fxe4 29. Bc4 Nd5 30. g4 Ra4 31. Bb3 Rd4 32. f5 Ra7 33. Be3 Rd3 34. Bxc5 Ra5 35. Bb4 Rxb3 36. Rxb3 Rb5 37. Kf2 c5 38. Ra3 cxb4 39. Ra8+ Kf7 40. f6 Rb7 0-1

[Event "AUT-ch"]
[Site "Oberpullendorf"]
[Date "2002.08.13"]
[Round "4"]
[White "Wolfram, Bernd"]
[Black "Diermair, Andreas"]
[Result "1-0"]
[WhiteElo "2150"]
[BlackElo "2247"]
[PlyCount "57"]
[EventDate "2002.08.10"]
[EventType "swiss"]
[EventRounds "9"]
[EventCountry "AUT"]
[SourceTitle "CBM 089 Extra"]
[Source "ChessBase"]
[SourceDate "2002.09.10"]
[SourceVersion "2"]
[SourceVersionDate "2002.09.10"]
[SourceQuality "1"]

1. d4 d5 2. g3 c5 3. Bg2 Nf6 4. Nf3 Nc6 5. 0-0 e6 6. b3 cxd4 7. Nxd4 Bc5 8. Bb2 0-0 9. e3 Qe7 10. c4 e5 11. cxd5 exd4 12. exd4 Bg4 13. f3 Qe3+ 14. Kh1 Nxd4 15. Nd2 Nh5 16. Ne4 Qxe4 17. fxg4 Nxg3+ 18. hxg3 Qe3 19. Kh2 Rfe8 20. Qc1 Qe2 21. Qc3 Re3 22. Qxc5 Qxb2 23. Rab1 Nf3+ 24. Rxf3 Qxb1 25. Rxe3 Qxa2 26. d6 Qd2 27. Re7 Rd8 28. d7 Qh6+ 29. Kg1 1-0